000
00277nam a22001217a 4500
008
181025b xxu||||| |||| 00| 0 eng d
041
_a
eng
080
_2
3ed
_a
338
100
_a
55
101
_a
MAN
245
_a
Women And Men In Management
_c
Powell.G.N
942
_2
udc
_c
BK
999
_c
50920
_d
50920